000
00181 a2200097 4500
020
_a
9789584297198
041
_a
spa
100
_a
Disney, Walt
245
_a
El Rey Leon
942
_c
BK
999
_c
27469
_d
27469